000 00601cam a2200217ua 4500
001 12975
008 160327n2006 II |||gr||||Z||||||eng
040 _aMAIN
041 _aEnglish
082 _a332 VAR
100 _aVARSHNEY, P.N.
245 _aINDIAN FINANCIAN SYSTEM
250 _a8RTH REV.
260 _aNEW DELHI
_bS.CHAND & COMPANY
_c2006
300 _a(1--p.):
_c22CM.
500 _aDonated by Madhuri Kamder, Ex.Student, Sibsagar Girls` College on 30-09-2013
653 _aFinancial economics
700 _aVARSHNEY, P.N.,
_eAUTHOR.
700 _aMITTAL, D.K.,
_eAUTHOR.
942 _cBK
999 _c12862
_d12862